Πώς να σκέπτεσθε στρατηγικά : η εφαρμογή της στρατηγικής στην πολιτική, στις επιχειρήσεις και στην καθημερινή ζωή
Αποθηκεύτηκε σε:
| Κύριος συγγραφέας: | |
|---|---|
| Άλλοι συγγραφείς: | |
| Μορφή: | Βιβλίο |
| Γλώσσα: | Greek English |
| Δημοσίευση: |
Αθήνα :
Καστανιώτης,
2001.
|
| Σειρά: | Διοίκηση (Καστανιώτης)
|
| Θέματα: | |
| Ετικέτες: |
Προσθήκη ετικέτας
Δεν υπάρχουν, Καταχωρήστε ετικέτα πρώτοι!
|
MARC
| LEADER | 00000cam a2200000 i 4500 | ||
|---|---|---|---|
| 001 | 1/40169 | ||
| 008 | 140115s2001 gr | ||| |||| ||gre|| | ||
| 020 | |a 9600327998 | ||
| 035 | |l 10116337 | ||
| 040 | |a GR-MyUa |b gre |e AACR2 | ||
| 041 | 1 | |a gre |h eng | |
| 082 | 7 | |a 658.4012 |2 (22) | |
| 100 | 1 | |a Dixit, Avinash K. | |
| 245 | 1 | 0 | |a Πώς να σκέπτεσθε στρατηγικά : |b η εφαρμογή της στρατηγικής στην πολιτική, στις επιχειρήσεις και στην καθημερινή ζωή / |c Άβινας Κ. Ντίξιτ, Μπάρυ Τζ. Νέιλμπαφ ; μετάφραση από τα αγγλικά Δανάη Σαλεπούλα, Ερατώ Παρασχάκη ; επιστημονική επιμέλεια Μαρία Γιαμαλίδου ; πρόλογος Βασίλης Παπαδάκης. |
| 260 | |a Αθήνα : |b Καστανιώτης, |c 2001. | ||
| 300 | |a 368 σ. ; |c 25 εκ. | ||
| 490 | 1 | |a (Διοίκηση / Καστανιώτης) | |
| 504 | |a Βιβλιογραφία: σ. [355]-361. Ευρετήριο. | ||
| 650 | 0 | |a Strategic planning. | |
| 700 | 1 | |a Nalebuff, Barry, |d 1958- | |
| 765 | 0 | 8 | |i Μετάφραση του: |t Thinking strategically : |
| 830 | 0 | |a Διοίκηση (Καστανιώτης) | |
| 852 | |a INST |b SYROS |e 20140115 |h 658.4012 DIX |p 005500011232 |q 005500011232 |t BK |y 0 | ||
| 901 | |a BIBL5-2013-1 | ||
| 970 | |a Κοντού |b Παρασκευή |z 15/01/2014 | ||